Central Library OPAC University of Rajshahi

The analysis of contingency tables / (Record no. 7699)

MARC details
000 -LEADER
fixed length control field 00820cam a2200265 a 4500
001 - CONTROL NUMBER
control field 7699
003 - CONTROL NUMBER IDENTIFIER
rucl marc code BD-RjUL
005 - DATE AND TIME OF LATEST TRANSACTION
control field 20211208234447.0
008 - FIXED-LENGTH DATA ELEMENTS--GENERAL INFORMATION
fixed length control field 150114r19861977enk 001 0 eng d
020 ## - INTERNATIONAL STANDARD BOOK NUMBER
International Standard Book Number 0412149702
035 ## - SYSTEM CONTROL NUMBER
System control number (BD-RjUL)7743
040 ## - CATALOGING SOURCE
Original cataloging agency DLC
Transcribing agency DLC
Modifying agency OCL
-- EQO
-- BD-RjUL
Language of cataloging eng
041 ## - LANGUAGE CODE
Language code of text/sound track or separate title eng
082 ## - DEWEY DECIMAL CLASSIFICATION NUMBER
Classification number 519.53
Author mark and year EVA
100 1# - MAIN ENTRY--PERSONAL NAME
Personal name Everitt, Brian.
9 (RLIN) 24012
245 14 - TITLE STATEMENT
Title The analysis of contingency tables /
Statement of responsibility, etc. [by] B.S. Everitt.
260 ## - PUBLICATION, DISTRIBUTION, ETC. (IMPRINT)
Place of publication, distribution, etc. London :
Name of publisher, distributor, etc. Chapman and Hall,
Date of publication, distribution, etc. c1977[printing1986]
300 ## - PHYSICAL DESCRIPTION
Pagination [ix], 128 p. :
Illustrations tables ;
Size 22 cm.
504 ## - BIBLIOGRAPHY, ETC. NOTE
Bibliography, etc Includes Bibliography: p. [122]-125 and index.
650 #0 - SUBJECT ADDED ENTRY--TOPICAL TERM
Topical term or geographic name as entry element Contingency tables.
9 (RLIN) 24013
830 #0 - SERIES ADDED ENTRY--UNIFORM TITLE
Uniform title Monographs on statistics and applied probability (Series)
942 ## - ADDED ENTRY ELEMENTS (KOHA)
Source of classification or shelving scheme Dewey Decimal Classification
Koha item type Books
Holdings
Lost status Source of classification or shelving scheme Damaged status Not for loan Collection code Permanent Location Current Location Shelving location Date acquired Source of acquisition Cost, normal purchase price Total Checkouts Full call number Date last seen Copy number Koha item type
  Dewey Decimal Classification     Non-fiction Central Library, University of Rajshahi Central Library, University of Rajshahi   15/09/2008 Donation 0.00   519.53 EVA 1986 15/01/2014 C-3 Books
  Dewey Decimal Classification     Non-fiction Central Library, University of Rajshahi Central Library, University of Rajshahi   15/09/2008 Donation     519.53 EVA 1986 05/09/2016 C-4 Books
  Dewey Decimal Classification     Non-fiction Central Library, University of Rajshahi Central Library, University of Rajshahi   08/05/1983 Helfer 4.95   519.53 EVA 1980 31/10/2016 C-2 Books
  Dewey Decimal Classification   Not For Loan Non-fiction Central Library, University of Rajshahi Central Library, University of Rajshahi Reading Room 08/05/1983 Heffers 4.95   519.53 EVA 1977 12/04/2017 C-1 Books